Produkt ako nástroj predaja bakalárska práca

Na minha lista:
Detalhes bibliográficos
Autor principal: Vágner, Stanislav
Autor Corporativo: Fakulta podnikového manažmentu EU. Katedra podnikovohospodárska
Outros Autores: Majtán, Štefan
Formato: Livro
Idioma:eslovaco
Publicado em: Bratislava 2009
Tags: Adicionar Tag
Sem tags, seja o primeiro a adicionar uma tag!

MARC

LEADER 00000nam$a2200000$$$4500
001 0102213
005 20240319130258.3
041 0 |a slo 
044 |a SK 
245 1 0 |a Produkt ako nástroj predaja  |b bakalárska práca  |c Stanislav Vágner ; škol. Štefan Majtán 
264 1 |a Bratislava  |c 2009 
300 |a 38 s. 
100 1 |a Vágner, Stanislav 
700 1 |a Majtán, Štefan 
710 2 |a Fakulta podnikového manažmentu EU. Katedra podnikovohospodárska